| 000 | 00809nam a22001937a 4500 | ||
|---|---|---|---|
| 999 |
_c370050 _d370050 |
||
| 008 | 201130b ||||| |||| 00| 0 eng d | ||
| 040 |
_bger _cDE-2950 _erda _aDE-2950 |
||
| 041 | _ager | ||
| 100 | _aKotterba, Jörg: | ||
| 245 |
_aWahl-Frankfurter will in Tokio Laufbahn mit Medaille krönen. _bOlympia 2021: Der Sportschütze Andreas Löw tritt in Japan im Trap an. Er musste umschulen, weil seine Parade-Disziplin nicht mehr olympisch ist / _cJörg Kotterba |
||
| 264 | _c2021 | ||
| 653 | _aFrankfurt (Oder) | ||
| 653 | _aSportschießen / Olympia 2021 | ||
| 773 |
_dFrankfurt (Oder): Märkisches Verlags- und Druckhaus GmbH & Co KG _g32. Jahrgang (2021) Nr. 169 vom 23.07.2021, S. 13: Foto _tMärkische Oderzeitung |
||
| 942 | _cA | ||